000 00401nam a2200157 i 4500
001 bg
100 1 _aFORIN, D.
245 0 _aKaskadnye kody /
_cD. Forin ; Per. s angl. V. V. Zjabliwa [i in.].
260 _aMoskva :
_bIzdatel'stvo "Mir",
_c1970.
300 _as. 207 :
_bilustr.
040 _cBPK
041 _apol
080 _a621.391
942 _cKS
008 s pl f |000 0 pol
999 _c13499
_d13499